000 03577cam a22005654i 4500
003 PE-LiUPU
005 20250731173040.0
008 130805s2013 mdu r 000 0 eng
020 _a0925675210
020 _a9780925675217
035 _a(Sirsi) i9780925675217
035 _a(OCoLC)859197443
040 _aAU@
_beng
_cAU@
_dOCLCO
_dLMR
_dCUC
_dPE-LiUPU
_erda
049 _aPRUA
050 4 _aBV2063
_b.M47 2013
082 0 4 _a230.6732
_bM4
_223
245 0 0 _aMessage, mission and unity of the church /
_cÁngel Manuel Rodríguez, editor.
264 1 _aSilver Spring :
_bBiblical Research Institute,
_c[2013]
264 4 _c©2013.
300 _axv, 476 páginas ;
_c23 centímetros.
336 _atext
_2rdacontent
337 _aunmediated
_2rdamedia
338 _avolume
_2rdacarrier
490 1 _aBiblical Research Institute studies in Adventist ecclesiology ;
_v2
504 _aIndice : páginas 467-476.
505 0 _aThe people of God in the Old Testament / Gerhard Pfandl -- The universality of the church in the New Testament / Ekkehardt Mueller -- Biblical metaphors for the church: building blocks for ecclesiology / John McVay -- Mission in the Old Testament / Jiři Moskala -- Mission in the New Testament / Clinton Wahlen -- Missiologicai perspectives in the book of Daniel / Sung Ik Kim -- Mission in the book of Revelation / Ekkehardt Mueller -- Understanding apostasy in the Christian church / John W. Reeve -- The sixteenth century Protestant Reformation and Adventist ecclesiology / Darius Jankiewieck -- Seventh-day Adventist ecclesioìogy, 1844-2012 - a brief historical overview / Alberto R. Timm -- Oneness of the church in message and mission: its ground / Ángel Manuel Rodríguez -- The message and the mission of the remnant: a methodological approach / Fernando Canale -- The role of the fundamental beliefs in the church / Kwabena Donkor -- The Holy Spirit and the church / Denis Fortin -- The role of the church in the interpretation of Scripture / Richard Davidson -- The role of Ellen G. White in the life of the Adventist church /Alberto R. Timm -- Adventist mission among world religions: some theological foundations / Ganoune Diop -- Israel and the church: continuity and discontinuity I / Richard Davidson -- Israel and the church: continuity and discontinuity II / Richard Davidson -- World religions and salvation: an Adventist view / Ángel Manuel Rodríguez -- Adventist mission today: a personal reflection /William G. ]ohnsson.
526 _aSEG42
526 _aSEG41
526 _aSEG40
526 _aSEG39
526 _aP94
526 _aP87
526 _aP86
526 _aP85
526 _aP77
526 _aP76
526 _aP35
650 0 _aMisiones
_xTeoría.
650 0 _aMissions
_xTheory.
700 1 _aRodriguez, Angel Manuel,
_eeditor.
910 _adbm
_bncf
_cncf
_d20171219
942 _2ddc
_cBOOK
949 _a230.6732 M4
_wDEWEY
_c1
_i77657
_lCATALOGING
_mBUL
_p19.99
_r0
_sY
_tBOOK
_u2017-12-19
_xPOSGRADO
_PP85
_0COMPRA
_o.STAFF. Colección Teología.
994 _aC0
_bPEPRU
596 _a1
999 _a230.6732 M4
_wDEWEY
_c26282
_i77657
_d26282
_f2021-11-9
_g4
_lCCODEBUL1
_mBUL
_p19.99
_q1
_r0
_sY
_tBOOK
_u2017-12-19
_xTEOLOGIA
_PP85
_0COMPRA
_o.STAFF. Colección Teología.
999 _a230.6732 M4
_wDEWEY
_c2
_i77858
_f2021-11-9
_g4
_lCCODEBUL1
_mBUL
_p13.99
_r0
_sY
_tBOOK
_u2017-12-28
_xTEOLOGIA
_PP85
_0COMPRA
_o.STAFF. Colección Teología.
980 _81
_gALBERTO SANCHEZ Responsable de Automatización